| 000 | 00484nam a22001577a 4500 | ||
|---|---|---|---|
| 003 | NUST | ||
| 082 | _a200 | ||
| 100 |
_aImran, Huzaifa _997525 |
||
| 245 |
_aInitial Access for URLLC Applications in mmWave / _cHuzaifa Imran |
||
| 264 |
_aIslamabad : _bSEECS, NUST, _c2022. |
||
| 300 | _a91 p. ; | ||
| 650 |
_aMS- Electrical Engineering _923567 |
||
| 700 |
_aSupervisor: Dr. Arsalan Ahmad _996801 |
||
| 856 | _uhttp://10.250.8.41:8080/xmlui/handle/123456789/30018 | ||
| 942 |
_2ddc _cSC |
||
| 999 |
_c591083 _d591083 |
||